000 00452nam a2200133Ia 4500
008 100328s9999 xx 000 0 und d
082 _b38467
100 _aसोनवणी संजय
245 _aआभाळात गेलेली माणसं
260 _bदिलीपराज
630 _aआभाळात गेलेली माणसं
730 _aआभाळात गेलेली माणसं
942 _cBOOK
999 _c527646
_d527643